Šachisti opäť v 1. lige

Bibliographic Details
Main Author: Sabol, Peter (Author)
Format: Article
Language:Slovak
PhysicalDescription:Fotogr.
Subjects:

MARC

LEADER 00000nab a2200000 ar4500
001 vtls010665068
003 SK-MaSNL
005 20260303090717.0
008 170922c2014 xo mr|p|||||||000 b|slo
038 |a SNSK 
040 |b slo  |c SNSK  |e AACR2 
041 |a slo 
044 |a xo  |c SK 
080 |a 794.1  |x (437.6)  |2 2001 
080 |a 06.063  |2 2001 
100 1 |a Sabol, Peter  |4 aut  |9 199534 
245 1 0 |a Šachisti opäť v 1. lige  |c Peter Sabol 
300 |b Fotogr. 
650 0 7 |a šach  |2 SNKPH  |9 3315 
650 0 7 |a šachové turnaje  |2 SNKPH  |9 3317 
651 7 |a Margecany (Slovensko)  |2 SNKPHgeo  |9 43538 
651 7 |a Gelnica (Slovensko : okres)  |2 SNKPHgeo  |9 168677 
773 0 |t Hlásnik : informačný spravodajca občanov Margecian  |g Č. 1 (2014), s. 12 
852 |a SNSK  |b KIS3GCP 
999 |c 1804436  |d 1806366